01328nam a2200277 i 4500003000900000005001700009008004100026020001800067040004300085082001900128100003100147245036200178250001900540264006000559300004600619336002600665337002800691338002700719650003600746653002400782655001700806700004700823942001200870999001700882952015100899EG-ScBUE20240228152937.0200219s2021 ii a f 000 0 eng d a9788194802877 aEG-ScBUEbengerdacEG-ScBUEdEG-ScBUE04222a589.9bBHU1 aBhumbla, Upasana,eauthor.10aCompetency based practical manual for microbiology :bas per the competency based curriculum (MCI) /cUpasana Bhumbla, MBBS MD, associate professor and infection control officer, incharge, advanced molecular laboratory, Department of Microbiology, Geetanjali Medical College and Hospital, Udaipur, Rajasthan, India ; forewords, Jagdish Chander, F. S. Mehta. aFirst edition. 1aNew Delhi :bJaypee Brothers Medical Publishers,c2021. a158 pages :bcolor illustrations ;c28 cm 2rdacontentatextbtxt 2rdamediaaunmediatedbn 2rdacarrieravolumebnc 7aMicrobiologyxTechnique.2BUEsh cFebruary2024bPPhrm vReading book1 aChander, Jagdish,eauthor of introduction. 2ddccBB c30674d30645 00102ddc40708AlahramaMAINbMAINc1STd2024-02-28ePurchaseg325.00h180l0o589.9 BHUp000057021r2025-07-15 00:00:00v406.25w2024-02-28yBB